Transformations of the American Party System : Political Coalitions from the New Deal to the 1970's / (Record no. 616780)

000 -LEADER
fixed length control field 00469nam a22001457a 4500
020 ## - INTERNATIONAL STANDARD BOOK NUMBER
Qualifying information PB.
040 ## - CATALOGING SOURCE
Transcribing agency Fizza Ishaq
082 ## - DEWEY DECIMAL CLASSIFICATION NUMBER
Classification number 329.02
Author Mark EVE
100 ## - MAIN ENTRY--PERSONAL NAME
Personal name Jr, Ladd C Everett.
9 (RLIN) 133812
245 ## - TITLE STATEMENT
Title Transformations of the American Party System : Political Coalitions from the New Deal to the 1970's /
Statement of responsibility, etc. Everett C. Ladd Jr.
250 ## - EDITION STATEMENT
Edition statement 1st Ed.
260 ## - PUBLICATION, DISTRIBUTION, ETC.
Place of publication, distribution, etc. New York ;
Name of publisher, distributor, etc. W. W. Norton & Company,
Date of publication, distribution, etc. 1975.
300 ## - PHYSICAL DESCRIPTION
Extent 371 p. ;
Dimensions 8.2x5.4x1 inches
942 ## - ADDED ENTRY ELEMENTS (KOHA)
Source of classification or shelving scheme
Koha item type Book
Holdings
Withdrawn status Lost status Source of classification or shelving scheme Damaged status Not for loan Permanent Location Current Location Shelving location Date acquired Total Checkouts Full call number Barcode Date last seen Price effective from Koha item type
          NUST Baluchistan Campus (NBC) NUST Baluchistan Campus (NBC) General Stacks 04/01/2026   329.02 EVE QD-582 04/01/2026 04/01/2026 Book
© 2023 Central Library, National University of Sciences and Technology. All Rights Reserved.